| 000 | 01814nam a2200385 4500 | ||
|---|---|---|---|
| 001 | OTLid0000408 | ||
| 003 | MnU | ||
| 005 | 20201105133323.0 | ||
| 006 | m o d s | ||
| 008 | 180907s2015 mnu o 0 0 eng d | ||
| 020 | _a9781940771342 | ||
| 040 |
_aMnU _beng _cMnU |
||
| 050 | 4 | _aPE1408 | |
| 100 | 1 |
_aBerke, Amy _eauthor |
|
| 245 | 0 | 0 |
_aWriting the Nation _bA Concise Introduction to American Literature 1865 to Present _cAmy Berke |
| 264 | 2 | _bOpen Textbook Library | |
| 264 | 1 | _bUniversity of North Georgia Press | |
| 300 | _a1 online resource | ||
| 490 | 0 | _aOpen textbook library. | |
| 505 | 0 | _aChapter 1: Late Romanticism (1855-1870) -- Chapter 2: Realism (1865-1890) -- Chapter 3: Naturalism (1890-1914) -- Chapter 4: Turn of the Twentieth Century and the Growth of Modernism (1893 - 1914) -- Chapter 5: Modernism (1914 - 1945) -- Chapter 6: American Literature Since 1945 (1945 - Present) | |
| 520 | 0 | _aWriting the Nation: A Concise Guide to American Literature 1865 to Present is a text that surveys key literary movements and the American authors associated with the movement. Topics include late romanticism, realism, naturalism, modernism, and modern literature. | |
| 542 | 1 | _fAttribution-ShareAlike | |
| 546 | _aIn English. | ||
| 588 | 0 | _aDescription based on online resource | |
| 650 | 0 |
_aHumanities _vTextbooks |
|
| 650 | 0 |
_aRhetoric _vTextbooks |
|
| 700 | 1 |
_aBleil, Robert _eauthor |
|
| 700 | 1 |
_aCofer, Jordan _eauthor |
|
| 710 | 2 |
_aOpen Textbook Library _edistributor |
|
| 856 | 4 | 0 |
_uhttps://open.umn.edu/opentextbooks/textbooks/408 _zAccess online version |
| 999 |
_c19791 _d19791 |
||